| 000 | 00842nam a22002417a 4500 | ||
|---|---|---|---|
| 005 | 20170627165847.0 | ||
| 010 | _aBAC-CH25 | ||
| 020 |
_a9788129131508 _c140.00 |
||
| 035 | _aB-552728-759 | ||
| 035 | _aG-003090 | ||
| 035 | _aB-665187 | ||
| 037 |
_bABC/Ven _adpl |
||
| 082 | _aS | ||
| 100 | _aWells, H.G. | ||
| 245 |
_aSelected stories / _cby H.G. Wells |
||
| 260 |
_aNew Delhi _bRupa Publications _c2014 |
||
| 270 |
_a7/16, Ansari Road, Daryaganj _bNew Delhi _e10002 |
||
| 300 |
_a146p. _c20cm(pbk) |
||
| 942 |
_2ddc _cCH _mWEL _hS |
||
| 999 |
_c85709 _d85709 |
||